000 00867nam a22002057a 4500
999 _c1304
_d1304
003 AR-CdUCM
008 190226b ||||| |||| 00| 0 spa d
040 _aMUNICIPALIDAD PROVINCIAL DEL CUSCO
_cBIBLIOTECA MUNICIPAL DEL CUSCO
082 _a345.52 /
_bZ89
100 _aZubiate Reina, Fernando Augusto
_95024
245 _aAcción de amparo :
_bJurisprudencia comentada, casación de las resoluciones denegatorias /
260 _aLima :
_bCultural Cuzco,
_c1985.
300 _a200 páginas ;
_c21 cm.
505 _aContenido: Acción de amparo -- Objeto de las acciones de garantía -- Causales de improcedencia en las acciones de garantía -- Defensa del agresor -- De la acción de Habeas Corpus ...
650 _aRecurso de amparo - Perú
_95025
650 _aAspectos jurídicos
_95026
650 _aHábeas corpus
_95027
942 _2ddc
_cLIBROS
945 _aachl